Wszystkie przedmioty szkolne w szkole podstawowej - Statystyki

Ogólne statystyki
  • Ten quiz został rozwiązany 65 razy
    64 od ostatniego zresetowania
  • Średni wynik to 16 z 21
Statystyki odpowiedzi
Obowiązkowy Klasa Przedmiot % Poprawnych
Tak IV - VIII Język Polski
96%
Tak IV - VIII Język Obcy Nowożytni (angielski)
95%
Tak IV - VIII Wychowanie Fizyczne
91%
Tak VII - VIII Chemia
89%
Tak IV - VIII Matematyka
89%
Tak V - VIII Biologia
87%
Tak VII - VIII Fizyka
84%
Tak V - VIII Geografia
84%
Tak IV - VII Plastyka
84%
Tak IV - VII Muzyka
82%
Nie IV - VIII Religia
80%
Nie VII - VIII Język Obcy Nowożytni drugi
78%
Tak IV Przyroda
78%
Tak IV - VIII Historia
76%
Nie IV - VIII Edukacja Zdrowotna
75%
Tak VIII Wiedza o Społeczeństwie
75%
Tak IV - VI Technika
71%
Tak IV - VIII Informatyka
60%
Tak VIII Edukacja dla Bezpieczeństwa
56%
Tak IV - VIII Zajęcia z Wychowawcą
49%
Tak VIII (pół roku) Informatyka w języku angielskim
2%
Nie znaleziono quizów pasujących do podanych kryteriów
Rozkład punktacji
Procent ludzi z każdym wynikiem
Percentyl według liczby udzielonych odpowiedzi
Twoja historia wyników
Nie rozwiązałeś tego quizu od ostatniego zresetowania